| 000 | 02784nam a22003618a 4500 | ||
|---|---|---|---|
| 005 | 20010117122637.0 | ||
| 008 | 010110s2001 nyu 000 0 eng | ||
| 010 | _aB-270205-215 | ||
| 020 |
_a8189913514 _c750.00 |
||
| 035 | _aB-270205-215 | ||
| 040 |
_adpl _bEnglish |
||
| 082 | _a025.00285 | ||
| 100 | _aPraven Singh, C. | ||
| 245 |
_aDigital libraries: _cby C. Praveen Singh _btools & techniques / |
||
| 260 |
_aNew Delhi _bAlfa Publications _c2008 |
||
| 270 |
_a4398/5, Ansari Road, Daryaganj, _bNew Delhi _e110002 |
||
| 300 |
_avi, 259p. _c22cm (Hb) |
||
| 500 | _aIncludes bibliographical reference and index | ||
| 942 |
_2ddc _cEN _mPRA _h025.00285 |
||
| 999 |
_c16531 _d16531 |
||